000 00577cam a22002291 4500
001 sa 67004442
003 DLC
005 20260227112346.0
008 890419s1966 ii 000 0 hino
010 _asa 67004442
035 _a(OCoLC)19571129
040 _aDLC
_cWaU
_dDLC
042 _apremarc
050 0 0 _aPK2098.G8
_bY3 1966
100 1 _aGupta, Maithili Sarana,
_d1886-1964.
245 1 0 _aYaśōdharā.
260 _c[1966]
300 _a208 p.
_c19 cm.
500 _aA poem.
500 _aIn Hindi.
600 0 0 _aYaśodharā
_c(Wife of Gautama Buddha)
_vPoetry.
999 _c74484
_d74484